00804nam a2200241Ia 4500001000600000003000900006008004100015040001300056040001300069041001300082100002000095100002900115245007300144245005500217250001100272260001100283260001700294260004900311300005700360500007100417650004300488650003100531B3994IT-RoPAU130308s9999 xx 000 0 und d aIT-RoPAU cIT-RoPAU aSPAGNOLO aCasullo Nicolas gCodice Aut. SPICS: 38015 aCultura popular y politica, desde una reflexion sobre el intelectual bComunicacion Y Culturas populares En Latinoamerica a1a ed. aMEXICO bGustavo Gili c1987 [1° Ed.:1987 - Ed.Ling.Originale:1987] a"9 p. (prefazione: no ; testo: 9 [pagine: 162-170])" aCultura Popolare e Politica da una Riflessione Sull'Intellettuale. aSOCIOLOGIA DELLA COMUNICAZIONE SOCIALE eCodice materia Spics: 3806